000 00898nam a22002657a 4500
005 20220329141253.0
008 971010s1990 r 00010 d
010 _a65502
011 _a66474
035 _a74651
082 _a633.1
_bT6
100 0 0 _aTorres, E.
_9114282
245 _aInforme sinóptico de cinco años de observación del Ensayo Latinoamericano de Royas de Cereales (ELAR): 1979-1983
260 _aEl Batán, Méx. :
_bCIMMYT,
_c1990
300 _a71 h.
_b: gráfs.
590 _aBATCH-UPD
_b10
_c20130110
_lUCH01
_h0021
590 _aBATCH-UPD
_b10
_c20130110
_lUCH01
_h1855
590 _aCONVERSION
_b10
_c20130109
_lUCH01
_h1336
650 1 4 _aCebada
_xEnfermedades.
_920674
650 1 4 _aCereales
_xEnfermedades.
_921412
650 1 4 _aPuccinia graminis.
_992822
650 1 4 _aPuccinia hordei.
_992826
901 _aBK
949 _a633.1 T6
_bPA
_cLIBRO
_d-7536
_eLIBRO
_h1924
_i74651
_si
999 _c65502
_d65502